000 00588nam a2200229 i 4500
001 C2-0073995
003 PPAK
005 20180727080435.0
008 970429s1981 enk |||| ||||| | eng d
020 _a0245535691
040 _aPPAK
_beng
_cPPAK
_erda
082 0 4 _a808.831
_223
090 0 0 _a808.831
_bFRA
_dG
100 1 _aFraser, Rober,
_eauthor
245 1 0 _aThis island place
264 1 _aLondon :
_bGeorge Harrap ,
_c1981
300 _a115 pages ;
_c19 cm
336 _2rdacontent
_atext
337 _2rdamedia
_aunmediated
338 _2rdacarrier
_avolume
942 _ddc
_cB
999 _c10358
_d10358